Statistics for Pokémon that END with F, G, H & I

Click here to take the quiz!

General Stats

  • This quiz has been taken 604 times
    (142 since last reset)
  • The average score is 32 of 96

Answer Stats

HintAnswer% Correct
KantoDratini
63%
KantoJigglypuff
60%
KantoWigglytuff
60%
JohtoIgglybuff
57%
KantoDewgong
53%
JohtoGirafarig
53%
KantoKoffing
53%
HoennNuzleaf
53%
UnovaTepig
53%
KantoWeezing
53%
JohtoBayleef
50%
SinnohBidoof
50%
SinnohChingling
50%
AlolaCosmog
50%
HoennMetang
50%
KantoNidoking
50%
KantoOddish
50%
KantoSeaking
50%
PaldeaFarigiraf
47%
HoennJirachi
47%
KantoMeowth
47%
GalarCopperajah
43%
KantoSandslash
43%
SinnohDarkrai
40%
SinnohTangrowth
40%
KalosAvalugg
37%
GalarFrosmoth
37%
JohtoJumpluff
37%
KalosKlefki
37%
AlolaRockruff
37%
HoennSlaking
37%
AlolaTapu Fini
37%
JohtoTogepi
37%
KantoVenomoth
37%
UnovaVictini
37%
SinnohAzelf
33%
GalarBlipbug
33%
HoennCorphish
33%
UnovaGigalith
33%
UnovaKlinklang
33%
PaldeaMabosstiff
33%
KalosSlurpuff
33%
PaldeaTinkatuff
33%
HoennTrapinch
33%
HoennVigoroth
33%
KalosAegislash
30%
JohtoCelebi
30%
JohtoEntei
30%
PaldeaGrafaiai
30%
HoennGrumpig
30%
JohtoHo-Oh
30%
UnovaKlang
30%
PaldeaKlawf
30%
KantoLickitung
30%
PaldeaMaschiff
30%
KantoPoliwag
30%
KantoPoliwrath
30%
GalarRegieleki
30%
KalosScatterbug
30%
SinnohSkorupi
30%
HoennSlakoth
30%
JohtoSlowking
30%
HoennAnorith
27%
HoennBarboach
27%
GalarCentiskorch
27%
AlolaCharjabug
27%
GalarDracovish
27%
UnovaFrillish
27%
PaldeaTatsugiri
27%
SinnohTurtwig
27%
UnovaVanillish
27%
HoennWhiscash
27%
GalarArctovish
23%
SinnohBronzong
23%
AlolaBruxish
23%
UnovaDeerling
23%
PaldeaFidough
23%
KalosFletchling
23%
PaldeaPawmi
23%
KantoRapidash
23%
HoennShroomish
23%
UnovaSigilyph
23%
AlolaWishiwashi
23%
HoennRelicanth
20%
UnovaTrubbish
20%
UnovaWatchog
20%
SinnohCherubi
17%
PaldeaIron Moth
17%
PaldeaMunkidori
17%
PaldeaNacli
17%
PaldeaOkidogi
17%
JohtoQwilfish
17%
UnovaThroh
17%
PaldeaFezandipiti
13%
PaldeaSlither Wing
13%
JohtoUrsaring
7%

Score Distribution

Percentile by Number Answered

Percent of People with Each Score

Your Score History

You have not taken this quiz since the last reset